000 00368nam a2200133Ia 4500
005 20250516145652.0
008 250516s9999 xx 000 0 und d
020 _a9780996635585
082 _a306
_bKOC
100 _aKockelman, Paul
245 0 _aKinds Of Value: An Experiment In Modal Anthropology
260 _bUniversity of Chicago Press
_c2020
942 _cENGLISH
999 _c571145
_d571145